| 000 | 01514cam a2200301 i 4500 | ||
|---|---|---|---|
| 005 | 20240305165356.0 | ||
| 007 | cr|||| |||| | ||
| 008 | 051004s2005 sp 001 0 spa d | ||
| 017 | _aD.L.B29764-2005 | ||
| 020 | _a8496283240 | ||
| 035 | _a6519 | ||
| 040 |
_aNoBUC _dSpMaUCDE _dBUS _dvLex |
||
| 080 | _a343.55-055.2(460)(094.5.072) | ||
| 090 |
_c3202 _d3202 |
||
| 100 | 1 | _aSanz Díez de Ulzurrun Escoriaza, Jaime | |
| 245 | 1 | 0 |
_aViolencia de género : _bLey Orgánica de medidas de protección integral contra la violencia de género: una visión práctica _h[Recurso electrónico] / _cautores, Jaime Sanz-Díez de Ulzurrun Escoriaza, José Manuel Moya Castilla. |
| 256 | _aServicio en línea | ||
| 260 |
_aBarcelona : _bExperiencia, _c2005. |
||
| 300 | _a1 recurso electrónico | ||
| 506 | 1 |
_aContenido solo disponible en los productos indicados _dvLex Global _dvLex Global (Academic Edition, excluding Law Schools) _dvLex Global (U.S. Academic Edition, Law Schools) _dvLex Global (U.S. Academic Edition, excluding Law Schools) _dvLex Global (Academic Edition, Law Schools) |
|
| 650 | 0 | 4 |
_aViolencia con las mujeres _xDerecho _zEspaña |
| 650 | 0 | 4 |
_aMujeres, Delitos contra las _xDerecho _zEspaña |
| 700 | 1 |
_aMoya Castilla, José Manuel, _ecoaut. |
|
| 710 | 1 |
_aEspaña. _tLey Orgánica de Medidas de Protección Integral contra la Violencia de Género, _d 2004 |
|
| 740 | 0 | _avLex Libros (Servicio en línea) | |
| 856 | 4 | 0 | _uhttps://app.vlex.com/#/sources/violencia-genero-6519 |
| 942 | _cRAA | ||
| 999 |
_c161609 _d161609 |
||